000 00636nam a2200181 4500
001 126285
003 ES-MaACL
005 20230906192807.0
007 t|
008 070214s1951 cu r ||||1| spa d
100 1 _aRemos y Rubio, Juan J.
_996150
245 1 3 _aLa emoción histórica en la prosa de Martí
_b: discurso /
_cleído por el Dr. Juan J. Remos y Rubio.
260 _aLa Habana :
_b[s. n.],
_c1951 (
_fImp. El Siglo XX : Muñiz)
300 _a33 p. ;
_c25 cm.
500 _aPrecede al tít.: Academia de la Historia de Cuba.
710 2 _aAcademia de la Historia de Cuba.
_91183
852 _aES-MaACL
_j1931-F-12
_bR.31366
999 _c126285
_d126285